000 01011nam a2200229Ia 4500
001 17132
003 GE_BSU
008 181216s||||||||xx |||||||||||||| ||und||
040 _cGE_BSU
080 _a37.01
100 _aგოგებაშვილი, იაკობ (1840-1912)
245 _aთხზულებანი. ტ. 2
245 _cტომი შეადგინეს და დასაბეჭდად მოამზადეს ვ. ქაჯაიამ და ზ. კიკნაძემ / რედ.: გ. თავზიშვილი და დ. ლორთქიფანიძე
260 _aთბილისი
260 _bპედ. მეცნ. სამეცნ.-საკვლ. ინ-ტი
260 _c1954
300 _a488 გვ.22სმ.
300 _eსაკუთარ სახელთა საძიებელი გვ.479
653 _aთხზულებანი
653 _aპედაგოგიკა;
942 _cBK
999 _c50194
_d50194